| 000 -CABECERA |
| Campo de control de longitud fija |
00992nam a22002771i 4500 |
| 001 - NÚMERO DE CONTROL |
| Campo de control |
126332 |
| 003 - IDENTIFICADOR DEL NÚMERO DE CONTROL |
| Campo de control |
ES-SlBCS |
| 005 - FECHA Y HORA DE LA ÚLTIMA TRANSACCIÓN |
| Campo de control |
20210327224308.0 |
| 008 - CÓDIGOS DE INFORMACIÓN DE LONGITUD FIJA |
| Campo de control de longitud fija |
201027s1980 sp spa |
| 017 ## - NÚMERO DE COPYRIGHT O DE DEPÓSITO LEGAL |
| Número de copyright o de depósito legal |
B 20059-1980 |
| Agencia que asigna el número |
Oficina Depósito Legal Barcelona |
| 020 ## - NÚMERO INTERANCIONAL NORMALIZADO PARA LIBROS (ISBN) |
| Número Internacional Normalizado para Libros (ISBN) |
8485298373 |
| 040 ## - FUENTE DE LA CATALOGACIÓN |
| Centro catalogador del origen |
SpMaBN |
| Lengua de catalogación |
spa |
| Centro transcriptor |
A2 |
| Centro modificador |
ES-SlBCS |
| 041 1# - CÓDIGO DE LENGUA |
| Código de lengua del texto/banda sonora o título independiente |
spa |
| Código de lengua original |
ita |
| 080 ## - NÚMERO DE LA CLASIFICACIÓN DECIMAL UNIVERSAL |
| Número de la Clasificación Decimal Universal |
7.034(023) |
| 100 1# - PUNTO DE ACCESO PRINCIPAL-NOMBRE DE PERSONA |
| Nombre de persona |
Conti, Flavio |
| 9 (RLIN) |
32389 |
| 240 10 - TÍTULO UNIFORME |
| Título uniforme |
<a href="Come riconoscere l'arte rinascimentale">Come riconoscere l'arte rinascimentale</a> |
| Lengua de la obra |
Español |
| 245 10 - MENCIÓN DE TÍTULO |
| Título |
Cómo reconocer el arte del Renacimiento |
| Mención de responsabilidad, etc. |
autor, Flavio Conti; edición española dirigida por José Milicua ; [traducción del italiano, Elena de Grau Aznar] |
| 260 ## - PUBLICACIÓN, DISTRIBUCIÓN, ETC... (PIE DE IMPRENTA) |
| Lugar de publicación, distribución, etc. |
Barcelona : |
| Nombre del editor, distribuidor, etc. |
Edit. Médica y Técnica, |
| Fecha de publicación, distribución, etc. |
D.L. 1980 |
| 300 ## - DESCRIPCIÓN FÍSICA |
| Extensión |
63 p. : |
| Otras características físicas |
principalmente il. neg. y col. ; |
| Dimensiones |
20 cm |
| 490 0# - MENCIÓN DE SERIE |
| Mención de serie |
"Cómo reconocer el arte" |
| 500 ## - NOTA GENERAL |
| Nota general |
Índice |
| 650 #0 - PUNTO DE ACCESO ADICIONAL DE MATERIA-TÉRMINO DE MATERIA |
| Término de materia o nombre geográfico como elemento inicial |
Arte Renacentista |
| 9 (RLIN) |
87766 |
| 700 11 - PUNTO DE ACCESO ADICIONAL-NOMBRE DE PERSONA |
| Nombre de persona |
Milicua, José |
| Fechas asociadas al nombre |
1921-2013 |
| 9 (RLIN) |
119783 |
| 700 11 - PUNTO DE ACCESO ADICIONAL-NOMBRE DE PERSONA |
| Nombre de persona |
Grau, Elena de |
| 9 (RLIN) |
119784 |
| 942 ## - ENTRADA DE ELEMENTOS AGREGADOS (KOHA) |
| Fuente de clasificaión o esquema |
|
| Koha [por defecto] tipo de item |
Libros |